Statistics for Quick math quiz only a short quiz 1

Click here to take the quiz!

General Stats

  • This quiz has been taken 25 times
  • The average score is 13 of 15

Answer Stats

HintAnswer% Correct
23 + 78 =101
100%
78 - 23 =55
100%
76 - 4 =72
95%
32 + 99 =131
90%
117 + 29 =146
90%
23 x 11 =253
86%
4 + 76 =80
86%
153 - 19 =134
81%
76 : 4 =19
81%
117 - 29 =88
81%
115 - 97 =18
76%
4 x 76 =304
76%
128 : 4 =32
76%
234 - 119 =115
71%
146 + 88 =234
67%

Score Distribution

Percentile by Number Answered

Percent of People with Each Score

Your Score History

You have not taken this quiz